header

Cocoa (Record no. 82566)

MARC details
000 -LEADER
fixed length control field 01389nam a2200361 a 4500
100 1# - MAIN ENTRY--AUTHOR NAME
Personal name Wentk, Richard.
245 10 - TITLE STATEMENT
Title Cocoa
260 ## - PUBLICATION, DISTRIBUTION, ETC. (IMPRINT)
Place of publication Indianapolis, Ind. :
Name of publisher Wiley,
Year of publication 2010.
300 ## - PHYSICAL DESCRIPTION
Number of Pages xix, 603 p. :
Other physical details ill.
490 1# - SERIES STATEMENT
Series statement Developer reference
500 ## - GENERAL NOTE
General note Includes index.
505 0# - FORMATTED CONTENTS NOTE
Formatted contents note pt. 1. Getting started -- pt. 2. Going deeper -- pt. 3. Expanding the possibilities.
650 #0 - SUBJECT ADDED ENTRY--TOPICAL TERM
Topical Term Cocoa (Application development environment)
Topical Term Object-oriented programming (Computer science)
Topical Term Application program interfaces (Computer software)
856 40 - ELECTRONIC LOCATION AND ACCESS
Uniform Resource Identifier http://site.ebrary.com/lib/rucke/Doc?id=10419084

No items available.

© 2026 Rongo University
Contact us: librarian | system librarian | Rongo university